000
00307nam a22001337a 4500
008
170606b xxu||||| |||| 00| 0 eng d
020
_a
2900872899703
041
_a
eng
080
_2
6TH
_a
94(7/8)
100
_a
18
101
_a
SHH
245
_a
AMERICAN DEMOCRACY IN PERIL
_c
HUDSON,W.E
942
_2
udc
_c
BK
999
_c
16056
_d
16056